LDR 00801naa#a2200169#i#450# 001 RU\\bibl\19467 005 20260516072525.6 100 ## _a20260515b2026####ek#y0rusy0150####ca 102 ## _aRU 200 1# _aЛЕСОСЕМЕННАЯ БАЗА ОГАУ «БИРОБИДЖАНСКИЙ ЛЕСХОЗ» _eСтатья/тезисы конференции 210 1# _aВоронеж _cВоронежский государственный лесотехнический университет имени Г.Ф. Морозова _d2026 215 ## _a9 с. 608 ## _aСтатья/тезисы конференции _2local 675 ## _aЛесное хозяйство. Лесоводство. 630 _z 700 #1 _aБакунина _gТ. С. 700 #1 _aСиволапов _gАлексей Иванович 856 4# _abibl.vgltu.ru _u